• 首页
  • 本馆介绍
  • 公告通知
  • 最新文献
  • 馆藏检索
  • 电子资源
  • 读者导购
  • 参考咨询
  • 我的图书馆
  • 登录
  • 详细信息显示
  • 放入我的书架
  • 预约/预借图书
  • 作者相关作品
  • 分类相关作品
  • 丛书相关作品
  • 出版社相关作品

书目信息

  • 表格格式
  • 工作单格式
  • 卡片格式
题名:
信用卡安全机制与法律问题的理论与实践
    
 
作者: 赵永林 主编
分册:  
出版信息: 北京   法律出版社  2009
页数: 263页
开本: 21cm
丛书名:
单 册:
中图分类: F832.2
科图分类:
主题词: 信用卡--风险管理--研究--中国 , 信用卡 , 风险管理
电子资源:
ISBN: 978-7-5036-9792-0
000 01057nam0 2200277 450
001 100428667356
005 20110224091349.21
010    @a978-7-5036-9792-0@dCNY30.00
035    @a004353465
100    @a20091216d2009 em y0chiy0110 ea
101 0  @achi
102    @aCN@b110000
105    @ay z 000yy
106    @ar
200 1  @a信用卡安全机制与法律问题的理论与实践@9xin yong ka an quan ji zhi yu fa lv wen ti de li lun yu shi jian@f赵永林主编
210    @a北京@c法律出版社@d2009
215    @a263页@d21cm
300    @a教育部人文社会科学规划基金项目成果
330    @a本书对我国信用卡产业形成与发展的基本情况分析,信用卡安全风险隐患及其防范、信用卡安全制度及与金融安全的关系、对包括危害信用卡安全在内的金融诈骗犯罪的法律适用及预防、金融危机背景下的信用卡安全等诸多理论与实践问题进行了研究和探讨。
606 0  @a信用卡@x风险管理@x研究@y中国
606 0  @a信用卡
606 0  @a风险管理
690    @aF832.2@v4
701  0 @a赵永林@9zhao yong lin@f(1955.2~)@4主编
801  0 @aCN@bNLC@c20110224
905    @b205978343-370@h597834-37@dF832.2@e83@f4
    
    信用卡安全机制与法律问题的理论与实践/赵永林主编.-北京:法律出版社,2009
    263页;21cm
    教育部人文社会科学规划基金项目成果
    
    ISBN 978-7-5036-9792-0:CNY30.00
    本书对我国信用卡产业形成与发展的基本情况分析,信用卡安全风险隐患及其防范、信用卡安全制度及与金融安全的关系、对包括危害信用卡安全在内的金融诈骗犯罪的法律适用及预防、金融危机背景下的信用卡安全等诸多理论与实践问题进行了研究和探讨。
●
相关链接 在E读中查询图书 在五车中查询图书 在当当中查询图书 在豆瓣中查询图书


正题名:信用卡安全机制与法律问题的理论与实践     索取号:F832.2/83         预约/预借

序号 登录号 条形码 馆藏地/架位号 状态 备注
1 597834   205978343   第一样本阅览室/ [索取号:F832.2/83] 在馆    
2 597835   205978352   第一借阅区/ [索取号:F832.2/83] 在馆    
3 597836   205978361   第一借阅区/ [索取号:F832.2/83] 在馆    
4 597837   205978370   第一借阅区/ [索取号:F832.2/83] 在馆    
唐山师范学院图书馆 欢迎您!
大连网信软件有限公司© 版权所有